| 000 | 00798nas a2200265 4500 | ||
|---|---|---|---|
| 001 | BR0203814 | ||
| 003 | BR-BrBNA | ||
| 005 | 20231205103130.0 | ||
| 007 | ta | ||
| 008 | 230509b bl.|||p| |||| 00| 00por d | ||
| 040 |
_aBR-BrBNA _bpor _cBiblioteca Nacional de Agricultura |
||
| 041 | _a(Es) | ||
| 072 | _aD50; E71 | ||
| 100 | 1 | _aBrebbia, F.P. | |
| 245 | 1 | _aSistemas para resolucion de las divergencias en el comercio internacional | |
| 650 | _aLEGISLAÇÃO | ||
| 650 | _aMERCADO INTERNACIONAL | ||
| 650 | _aMERCOSUL | ||
| 650 | _aREGULAMENTAÇÃO | ||
| 650 | _aALFÂNDEGA | ||
| 650 | _aIMPOSTO ALFANDEGÁRIO | ||
| 773 | 0 |
_tRevista de Direito Agrário (Brazil) _xISSN _g(Jun-Dec 2001), v. 17(16) p. 69-78 _wBR0203814 |
|
| 909 |
_a202311 _bLúcia _c55 _dLúcia Elande |
||
| 942 |
_2AGRIS _n0 _cANA |
||
| 999 |
_c171255 _d171255 |
||